MARC details
| 000 -CABECERA |
| campo de control de longitud fija |
01776nam a2200325 i 4500 |
| 003 - IDENTIFICADOR DEL NÚMERO DE CONTROL |
| campo de control |
DO-SdBNP |
| 005 - FECHA Y HORA DE LA ÚLTIMA TRANSACCIÓN |
| campo de control |
20240621102936.0 |
| 007 - CAMPO FIJO DE DESCRIPCIÓN FÍSICA--INFORMACIÓN GENERAL |
| campo de control de longitud fija |
ta |
| 008 - DATOS DE LONGITUD FIJA--INFORMACIÓN GENERAL |
| campo de control de longitud fija |
240621s2017 sp 000 j spa d |
| 020 ## - NÚMERO INTERNACIONAL ESTÁNDAR DEL LIBRO |
| Número Internacional Estándar del Libro |
9788497594240 (v. 98/3) |
| 040 ## - FUENTE DE LA CATALOGACIÓN |
| Centro catalogador/agencia de origen |
DO-SdBNP |
| Lengua de catalogación |
spa |
| Centro/agencia transcriptor |
BNPHU |
| Normas de descripción |
rda |
| 082 ## - NÚMERO DE LA CLASIFICACIÓN DECIMAL DEWEY |
| Número de documento/Ítem |
F667 |
| Número de edición |
22 |
| 100 1# - ENTRADA PRINCIPAL--NOMBRE DE PERSONA |
| Nombre de persona |
Follett, Ken, |
| Fechas asociadas al nombre |
1949- |
| 9 (RLIN) |
13022 |
| Término indicativo de función/relación |
autor |
| 240 1# - TÍTULO UNIFORME |
| Título uniforme |
The man from St. Peterburg / |
| 245 13 - MENCIÓN DE TÍTULO |
| Título |
El hombre de San Petersburgo / |
| Mención de responsabilidad, etc. |
Ken Follett ; traducción Damián Sánchez Bustamante |
| 264 #1 - PRODUCCIÓN, PUBLICACIÓN, DISTRIBUCIÓN, FABRICACIÓN Y COPYRIGHT |
| Producción, publicación, distribución, fabricación y copyright |
Barcelona, España : |
| Nombre del de productor, editor, distribuidor, fabricante |
Penguin Randon House, |
| Fecha de producción, publicación, distribución, fabricación o copyright |
2017. |
| 300 ## - DESCRIPCIÓN FÍSICA |
| Extensión |
343 páginas, |
| Dimensiones |
19 cm. |
| 336 ## - TIPO DE CONTENIDO |
| Fuente |
rdacontent |
| Término de tipo de contenido |
texto |
| Código de tipo de contenido |
txt |
| 337 ## - TIPO DE MEDIO |
| Fuente |
rdamedia |
| Nombre/término del tipo de medio |
sin mediación |
| Código del tipo de medio |
n |
| 338 ## - TIPO DE SOPORTE |
| Fuente |
rdacarrier |
| Nombre/término del tipo de soporte |
volumen |
| Código del tipo de soporte |
nc |
| 490 1# - MENCIÓN DE SERIE |
| Mención de serie |
Debolsillo |
| Designación de volumen o secuencia |
98/3 |
| 500 ## - NOTA GENERAL |
| Nota general |
Best Seller |
| 500 ## - NOTA GENERAL |
| Nota general |
Incluye datos biografícos del autor en la página 2. |
| 500 ## - NOTA GENERAL |
| Nota general |
La biblioteca posee la 2a. reimpresión de marzo del 2018. |
| 520 ## - SUMARIO, ETC. |
| Sumario, etc. |
En 1914 el mundo estaba en vísperas de la Gran Guerra. Tanto Francia e Inglaterra como los imperios centrales trataban de conseguir el apoyo de Rusia, que podía decidir el desenlace de la futura contienda.<br/><br/> <br/>En esos instantes cruciales de la historia, un aristócrata ingles, lord Walden, y un joven y prometedor político llamado Winston Churchill esperaban la llegada del príncipe Orlov, enviado del zar en misión secreta para entablar conversaciones y establecer pactos con la monarquía británica. Pero el príncipe no fue el único en llegar a Londres desde las frías tierras al este de Europa: un enigmático personaje procedente de Siberia le seguía los pasos... |
| 590 ## - NOTA LOCAL (RLIN) |
| Nota local |
Inventariado, 2024/ YL |
| 700 1# - PUNTO DE ACCESO ADICIONAL--NOMBRE DE PERSONA |
| Nombre de persona |
Sánchez Bustamante, Damián |
| Término indicativo de función/relación |
traducción |
| 9 (RLIN) |
13025 |
| 910 ## - DATOS DE OPCIÓN DEL USUARIO (OCLC) |
| Datos de opción del usuario |
YLockward |
| 942 ## - ELEMENTOS DE PUNTO DE ACCESO ADICIONAL (KOHA) |
| Fuente del sistema de clasificación o colocación |
Dewey Decimal Classification |
| Tipo de ítem Koha |
Libro |